|
|
|
|
| LEADER |
00000csc a2200000 a 4500 |
| 001 |
92467 |
| 005 |
20230308215419.0 |
| 008 |
010042|1938 ||||||||r|||||||||||spa|| |
| 040 |
|
|
|b spa
|
| 041 |
1 |
|
|a spa
|
| 082 |
0 |
|
|a 320
|
| 100 |
1 |
|
|a Ossorio, Angel
|9 8906
|
| 245 |
|
|
|a Cartas a una señora sobre temas de Derecho Político
|c Angel Ossorio
|h imp
|
| 264 |
|
|
|a Buenos Aires
|b Losada
|c 1938
|
| 300 |
|
|
|a 188 páginas:
|c 18 cm
|
| 490 |
|
|
|a Cristal del tiempo
|
| 504 |
|
|
|a incl. ref.
|
| 650 |
|
|
|a Ciencia politica
|9 8811
|
| 650 |
|
|
|a Derecho politico
|9 14879
|
| 650 |
|
|
|a Socialismo y comunismo
|9 302386
|
| 650 |
|
|
|a Democracia cristiana
|9 10207
|
| 852 |
|
|
|a UC-CDJBV
|c ESTANTERIA CERRADA
|f Compra
|k sergio.cajamarca
|l 1
|m General
|p 20100426
|q 1,00
|r 2
|t 92467
|b 0
|d CDRC
|e CDRC
|g 320 ESTANTERIA CERRADA
|z 2010-00-42
|
| 942 |
|
|
|
| 999 |
|
|
|c 130741
|d 130741
|